Global property sustainability survey (Record no. 110314)

MARC details
000 -LEADER
fixed length control field 01475cad a22002415a 4500
001 - CONTROL NUMBER
control field L148986
008 - FIXED-LENGTH DATA ELEMENTS--GENERAL INFORMATION
fixed length control field 091210s2009 xxkd f s 000 0 eng d
035 ## - SYSTEM CONTROL NUMBER
System control number (Sirsi) u148986
041 0# - LANGUAGE CODE
Language code of text/sound track or separate title eng
050 04 - LIBRARY OF CONGRESS CALL NUMBER
Classification number 333.72 $2 18
110 2# - MAIN ENTRY--CORPORATE NAME
Corporate name or jurisdiction name as entry element Royal Institution of Chartered Surveyors
Subordinate unit Economics
9 (RLIN) 5033
245 00 - TITLE STATEMENT
Title Global property sustainability survey
Remainder of title Q3 2009
Medium [electronic resource]
260 ## - PUBLICATION, DISTRIBUTION, ETC.
Place of publication, distribution, etc. London
Name of publisher, distributor, etc. RICS
Date of publication, distribution, etc. 2009
490 #0 - SERIES STATEMENT
Series statement RICS/CPE Global Commercial Property Sustainability Survey
Volume/sequential designation Third Quarter 2009
520 ## - SUMMARY, ETC.
Summary, etc. Presents the results of RICS/CPE Global Commercial Property Sustainability Survey for the third quarter 2009. The survey shows that the vast majority of surveyors believe their clients place some to considerable importance on sustainability issues, and that energy efficiency continues to be the most important sustainability issue. Also reports that business bottom line continues to be overwhelmingly the primary driver of clients' sustainability agenda, and that on average, government departments and oil companies are willing to pay larger premiums to inhabit sustainable buildings.
521 ## - TARGET AUDIENCE NOTE
Target audience note Advanced
590 ## - LOCAL NOTE (RLIN)
Local note KA
650 24 - SUBJECT ADDED ENTRY--TOPICAL TERM
Topical term or geographic name entry element RICS/CPE GLOBAL COMMERCIAL PROPERTY SUSTAINABILITY SURVEY
651 #4 - SUBJECT ADDED ENTRY--GEOGRAPHIC NAME
Geographic name International
690 ## - LOCAL SUBJECT ADDED ENTRY--TOPICAL TERM (OCLC, RLIN)
Topical term or geographic name as entry element ENVIRONMENTAL AND LAND CONSULTANCY-SUSTAINABILITY
856 40 - ELECTRONIC LOCATION AND ACCESS
Uniform Resource Identifier <a href="https://www.rics.org/site/download_feed.aspx?fileID=4649&fileExtension=PDF">https://www.rics.org/site/download_feed.aspx?fileID=4649&fileExtension=PDF</a>
Public note View the report free of charge at www.rics.org
942 ## - ADDED ENTRY ELEMENTS (KOHA)
Suppress in OPAC 0
Holdings
Withdrawn status Lost status Source of classification or shelving scheme Damaged status Not for loan Home library Current library Shelving location Date acquired Total Checkouts Full call number Barcode Date last seen Copy number Price effective from Koha item type
    Dewey Decimal Classification     Virtual Virtual Online 10/12/2009   ONLINE PUBLICATION 148986-2001 06/08/2019 1 06/08/2019 Book